000 00449nam a22001817a 4500
003 UA-OsUOA
001 10903
007 ta
008 20050215b un ||||| |||| 00| 0 ukr d
100 _aПлужник Є.
942 _cSA
040 _aUA-OsUOA
_cUA-OsUOA
_dUA-OsUOA
245 _aПоезії
300 _aС.33-34
955 _a0
773 0 _w0
_tДивослово
_dКиїв
_d2005
_g№2
650 7 _aХудожня література
_2UDC
999 _c297064
_d297064